Manual de piscinas
Publicado:
Barcelona :
Asociacion Española de Industriales y Tecnicos de Piscinas e Instalaciones Deportivas ,
2000
Descripción Física:
44 pàgines ; 30 cm
Idioma:
Catalán
MARC
| LEADER | 00000nam a2200000 a 4500 | ||
|---|---|---|---|
| 001 | 26757 | ||
| 008 | 220908s2000 spa||||| |||| 00| 0 cat d | ||
| 080 | |a Bib-948 | ||
| 245 | 0 | 0 | |a Manual de piscinas |
| 246 | 1 | 4 | |a Curs per a inspectors sanitaris de piscines d'ús col·lectiu |
| 260 | |a Barcelona : |b Asociacion Española de Industriales y Tecnicos de Piscinas e Instalaciones Deportivas, |c 2000? | ||
| 300 | |a 44 pàgines ; |c 30 cm | ||
| 500 | |a A la coberta: Curs per a inspectors sanitaris de piscines d'ús col·lectiu | ||
| 650 | 0 | |9 44826 |a Piscines | |
| 650 | 0 | |9 44801 |a Piscines |x Mesures de seguretat | |
| 655 | 0 | |9 52956 |a Manuals, vademècums, etc. | |
| 710 | 2 | |9 54404 |a Asociacion Española de Industriales y Tecnicos de Piscinas e Instalaciones Deportivas | |
| 710 | |9 8151 |a Barcelona (Catalunya : Província). |b Servei de Salut Pública i Consum | ||
| 942 | |2 udc |c ARXIU |n 1 | ||
| 952 | |0 0 |1 0 |4 0 |6 BIB948 |7 1 |9 63847 |a Arxiu |b Arxiu |d 2022-09-08 |l 0 |o Bib-948 |p 26757 |r 2022-09-08 00:00:00 |w 2022-09-08 |y ARXIU | ||
| 999 | |c 82653 |d 82653 | ||